|
|
|
|
| LEADER |
00000nab a2200000 a 4500 |
| 001 |
vtls001005375 |
| 003 |
SK-MaSNL |
| 005 |
20260303041635.0 |
| 008 |
040720e19990112xo 0 slo |
| 035 |
|
|
|a RV5975
|
| 040 |
|
|
|a RVGKPD
|b slo
|c RVGKPD
|e AACR2
|
| 041 |
0 |
|
|a slo
|
| 044 |
|
|
|a xo
|c SK
|
| 080 |
|
|
|a 796.51
|2 1981
|
| 100 |
0 |
|
|a (jkč)
|4 aut
|9 1024004
|
| 245 |
1 |
0 |
|a Na vrchole Volovca
|
| 300 |
|
|
|b 1 foto
|
| 650 |
0 |
7 |
|a výstupy novoročné
|2 RVGKPD
|9 1023883
|
| 651 |
|
7 |
|a Volovec (Západné Tatry, Slovensko : vrch)
|2 RVGKPD
|9 160509
|
| 651 |
|
7 |
|a Rožňava (Slovensko)
|2 RVGKPD
|9 17394
|
| 655 |
|
7 |
|a periodikum
|2 snkbucl
|9 29553
|
| 773 |
0 |
8 |
|t Zora Gemera
|g Roč. 7, č.1-2, 12.1.1999, s. 1
|
| 852 |
|
|
|a ZVYKNI
|b KIS3GCP
|
| 999 |
|
|
|c 1688024
|d 1689954
|